LEADER 01069nam1-2200373---450- 001 990001090910203316 005 20021003110302.0 035 $a000109091 035 $aUSA01000109091 035 $a(ALEPH)000109091USA01 035 $a000109091 100 $a20021003d2000----km-y0itaa50------ba 101 0 $aeng 102 $aUS 105 $aa---z---001yy 200 1 $aOn poems$fPhilodemus 210 $aOxford [etc.]$cOxford University press$d2000- 215 $av.$d24 cm 225 2 $aPhilodemus: the aesthetic works 410 1$12001$aPhilodemus: the aethetic works 463 \1$1001990001090920203316$12001 $aBook 1 676 $a801.93 700 0$aPHILODEMUS$0155469 801 0$aIT$bsalbc$gISBD 912 $a990001090910203316 951 $aVIII A 1016/$bL.M.$cVIII A 959 $aBK 969 $aUMA 979 $aANGELA$b90$c20021003$lUSA01$h1041 979 $aANGELA$b90$c20021003$lUSA01$h1102 979 $aANGELA$b90$c20021003$lUSA01$h1103 979 $aPATRY$b90$c20040406$lUSA01$h1715 996 $aOn poems$9305657 997 $aUNISA LEADER 00737ojm 2200229z- 450 001 9910155689603321 005 20230913112557.0 010 $a1-68366-037-4 035 $a(CKB)3710000000976641 035 $a(BIP)055321650 035 $a(EXLCZ)993710000000976641 100 $a20231107c2016uuuu -u- - 101 0 $aeng 200 10$aMore Laugh-Out-Loud Jokes for Kids 210 $cEChristian, Inc 330 8 $aA brand new collection of gut-busting hilarity from the bestselling author of Laugh-Out-Loud Jokes for Kids and Knock-Knock Jokes for Kids. 676 $a818/.602 700 $aElliott$b Rob$01437111 906 $aAUDIO 912 $a9910155689603321 996 $aMore Laugh-Out-Loud Jokes for Kids$93599471 997 $aUNINA